Oliver twist / (Record no. 142311)

MARC details
000 -LEADER
fixed length control field 00585nam a22001937a 4500
005 - DATE AND TIME OF LATEST TRANSACTION
control field 20170705144210.0
010 ## - LCCN (DPL NO)
LC control number ENG-119113
020 ## - INTERNATIONAL STANDARD BOOK NUMBER
International Standard Book Number 9788125039938
Terms of availability 95.00
035 ## - SYSTEM CONTROL NUMBER
System control number EN-102645
037 ## - SOURCE OF ACQUISITION
Source of stock number/acquisition DBAD/PUB
082 ## - DEWEY DECIMAL CLASSIFICATION NUMBER
Classification number N
100 ## - MAIN ENTRY--PERSONAL NAME
Personal name Dickens, Charles
245 ## - TITLE STATEMENT
Title Oliver twist /
Statement of responsibility, etc by Charls Dickens;abridged by Pronoti Sinha;edited by Seetha Srinivasan
260 ## - PUBLICATION, DISTRIBUTION, ETC. (IMPRINT)
Name of publisher, distributor, etc Orient Blackswans
Date of publication, distribution, etc 2010
Place of publication, distribution, etc Hyderabad
270 ## - ADDRESS
Address 3-6-752 Himyatranagar
City Hyderabad
Postal code 500029
300 ## - PHYSICAL DESCRIPTION
Extent xx,190p.
Dimensions 22cm(pbk)
700 ## - ADDED ENTRY--PERSONAL NAME
Personal name Sinha,Proniti;Srinivasan,Seetha
942 ## - ADDED ENTRY ELEMENTS (KOHA)
Source of classification or shelving scheme Dewey Decimal Classification
Item type English Books
Classification part N
Call number suffix DIC
Holdings
Withdrawn status Lost status Not for loan Collection code Home library Current library Date acquired Source of acquisition Cost, normal purchase price Full call number Barcode Copy number Cost, replacement price Koha item type
      Fiction Sarojini Nagar Sarojini Nagar 05/07/2017 DBAD/PUB 95.00 N DIC EN-102645 1 95.00 English Books

© Delhi Public Library
Hit Counter
free hit counter